Logistické řízení s podporou umělé inteligence

Špecifiká logistických úloh. Charakteristika vybraných nástrojov umelej inteligencie. Súbor metód a teoretické prístupy. Možnosti kombinovania nástrojov umelej inteligencie pri praktických aplikáciách. Zhodnotenie doterajších aplikácií expertných systémov a neurónových sietí v logistickom riadení. N...

Full description

Saved in:
Bibliographic Details
Main Author: Macurová, Pavla
Format: Book Chapter
Language:Czech
Subjects:
Tags: Add Tag
No Tags, Be the first to tag this record!

MARC

LEADER 00000naa a2200000 4500
001 r047772
005 20231002130305.5
041 0 |a cze 
044 |a CZ 
245 1 0 |a Logistické řízení s podporou umělé inteligence  |c Pavla Macurová 
520 |a Špecifiká logistických úloh. Charakteristika vybraných nástrojov umelej inteligencie. Súbor metód a teoretické prístupy. Možnosti kombinovania nástrojov umelej inteligencie pri praktických aplikáciách. Zhodnotenie doterajších aplikácií expertných systémov a neurónových sietí v logistickom riadení. Nové potreby logistického riadenia. Možné smery rozširovania aplikácie umelej inteligencie v logistickom riadení. Pripravenosť praxe. 
610 2 0 |a logistika 
610 2 0 |a inteligencia umelá 
610 2 0 |a riadenie 
610 2 0 |a siete neurónové 
610 2 0 |a informácie 
100 1 |a Macurová, Pavla